Aktuálne otázky efektívnosti, rovnosti a kvality vo vzdelávacom prostredí

Spoločenské a ekonomické vplyvy modifikujúce systémy vzdelávania v EÚ. Koncept rovnosti, efektívnosti a kvality vo vzdelávacom prostredí. Príklady zaujímavých a účinných metód a prístupov na podporu rozvoja kľúčových kompetencií študentov s perspektívou celoživotného vzdelávania, na podporu rozvoja...

Ausführliche Beschreibung

Gespeichert in:
Bibliographische Detailangaben
1. Verfasser: Dudová, Iveta
Weitere Verfasser: Polonyová, Simona, 1985-
Format: Buchkapitel
Sprache:Slowakisch
Schlagworte:
Tags: Tag hinzufügen
Keine Tags, Fügen Sie das erste Tag hinzu!

MARC

LEADER 00000naa a2200000 4500
001 0144042
005 20240502083332.6
041 0 |a slo 
044 |a CZ 
245 1 0 |a Aktuálne otázky efektívnosti, rovnosti a kvality vo vzdelávacom prostredí  |c Iveta Dudová, Simona Polonyová 
520 |a Spoločenské a ekonomické vplyvy modifikujúce systémy vzdelávania v EÚ. Koncept rovnosti, efektívnosti a kvality vo vzdelávacom prostredí. Príklady zaujímavých a účinných metód a prístupov na podporu rozvoja kľúčových kompetencií študentov s perspektívou celoživotného vzdelávania, na podporu rozvoja schopností učiteľov a vedenia škôl. 
610 2 0 |a vzdelávanie 
610 2 0 |a efektívnosť 
610 2 0 |a kvalita vzdelávania 
610 2 0 |a politika vzdelávania 
610 2 0 |a vzdelávanie celoživotné 
100 1 |a Dudová, Iveta 
700 1 |a Polonyová, Simona, 1985-